000 00995cam a22003017a 4500
003 CHAP
005 20220329135423.0
008 971013s1972 r 00010 d
010 _a36175
011 _a37147
035 _a41266
040 _cCHAP
090 _aTesis
100 0 0 _aPalazuelos Platas, Luis.
_984889
245 1 3 _aLa importancia de la técnica radiográfica del colon por enema, en los cánidos
260 _aMéxico, D.F. :
_bEl autor,
_c1972
300 _a19 h.
_b: ilus.
502 _aTesis (Médico Veterinario Zootecnista) -- UNAM. Fac. de Medicina Veterinaria y Zootecnia
590 _aALEPH
_b10
_c20130110
_lUCH01
_h1301
590 _aBATCH-UPD
_b10
_c20130110
_lUCH01
_h2130
590 _aBATCH-UPD
_b10
_c20130410
_lUCH01
_h1440
590 _aBATCH-UPD
_b10
_c20130914
_lUCH01
_h1201
590 _aCONVERSION
_b10
_c20130109
_lUCH01
_h1320
650 1 4 _aDiagnóstico radioscópico.
_932398
901 _aBK
942 _cTESIS
949 _bBC
_cTES
_d-94446
_eTS1
_i41266
_si
999 _c36175
_d36175